LDR 00802naa#a2200181#i#450# 001 EN\\bibl\19911 005 20260702094004.4 100 ## _a20260630b2026####ek#y0engy0150####ca 102 ## _aRU 200 1# _aMODELING THE IMPACT OF HUMAN FACTORS ON INFORMATION SYSTEMS RESILIENCE _eConference article/thesis 210 1# _aVoronezh _cFSBE Institution of Higher Education Voronezh State University of Forestry and Technologies named after G.F. Morozov _d2026 215 ## _a8 с. 608 ## _aConference article/thesis _2local 675 ## _aИнформационные технологии. Компьютерные технологии. Теория вычислительных машин и систем. 004 _z 700 #1 _aAlekseev _gV. R. 700 #1 _aBerezina _gT. I. 700 #1 _aBogdanov _gD. S. 856 4# _abibl.vgltu.ru _u